[Event "NK Pupillendag 2015"]
[Site "Roosendaal"]
[Date "2015.06.20"]
[Round "7.5"]
[White "F05: Bello Ingo"]
[Black "Gardair Nils"]
[Result "1-0"]
[WhiteElo "673"]
[BlackElo "589"]
[PlyCount "57"]
[EventDate "2015.06.20"]
[WhiteClock "0:17:07"]
[BlackClock "0:10:09"]

1. e4 e5 2. Nf3 Nc6 3. Bc4 Bc5 4. c3 Nf6 5. d4 exd4 6. Bd3 O-O 7. Bg5 d6 8.
cxd4 Nxd4 9. Nxd4 Bxd4 10. Nc3 c6 11. Rb1 Re8 12. O-O Re5 13. Bf4 Re8 14. Bc2
c5 15. b4 b6 16. Ne2 Be5 17. Bxe5 Rxe5 18. f4 Re8 19. Ng3 Ba6 20. b5 Bb7 21.
Qd2 Bxe4 22. Nxe4 Nxe4 23. Bxe4 Rxe4 24. Qd5 Rd4 25. Qc6 Rc8 26. Qb7 Rc7 27.
Qf3 c4 28. Rfe1 Qh4 29. Re8# 1-0

[Event "NK Pupillendag 2015"]
[Site "Roosendaal"]
[Date "2015.06.20"]
[Round "7.12"]
[White "F12: Hatamirad Mahbod"]
[Black "Donders Hendrik"]
[Result "0-1"]
[WhiteElo "491"]
[BlackElo "664"]
[PlyCount "62"]
[EventDate "2015.06.20"]
[WhiteClock "0:10:47"]
[BlackClock "0:11:30"]

1. e4 e5 2. Nf3 Bd6 3. Bc4 Nh6 4. Nc3 O-O 5. O-O Bb4 6. Nxe5 Bxc3 7. bxc3 d6 8.
Nf3 c6 9. d3 d5 10. exd5 cxd5 11. Bb3 a5 12. Ng5 a4 13. Bxd5 Qxd5 14. d4 Qd6
15. Qd3 g6 16. Nf3 Ng4 17. h3 Nf6 18. Bh6 Re8 19. Rae1 Rxe1 20. Rxe1 Bf5 21.
Qe2 Nc6 22. d5 Na5 23. Nd4 Bd7 24. Nb5 Qc5 25. Qf3 Nxd5 26. Rd1 Be6 27. Rxd5
Qxd5 28. Qf6 Qd1+ 29. Kh2 Qd6+ 30. Qf4 Qxf4+ 31. Bxf4 Bxa2 0-1

[Event "NK Pupillendag 2015"]
[Site "Roosendaal"]
[Date "2015.06.20"]
[Round "7.6"]
[White "F06: Katsarov Maks"]
[Black "Salomons Matthijs"]
[Result "0-1"]
[WhiteElo "532"]
[BlackElo "624"]
[PlyCount "85"]
[EventDate "2015.06.20"]
[WhiteClock "0:15:07"]
[BlackClock "0:18:58"]

1. d4 e6 2. c4 d5 3. Nc3 Nf6 4. Bg5 Bb4 5. Nf3 Bxc3+ 6. bxc3 dxc4 7. e3 h6 8.
Bxf6 Qxf6 9. Bxc4 Nc6 10. Bb5 Bd7 11. O-O O-O 12. Ne5 Nxe5 13. dxe5 Qxe5 14.
Bxd7 Rad8 15. f4 Qxc3 16. Qc1 Qxc1 17. Raxc1 Rxd7 18. Rcd1 Rxd1 19. Rxd1 c5 20.
Rd7 Rb8 21. Rc7 Rd8 22. Rxb7 Rd1+ 23. Kf2 Rd2+ 24. Kf3 Rxa2 25. Rc7 Rc2 26.
Rxa7 c4 27. Ke4 Rxg2 28. Ra4 c3 29. Rc4 c2 30. Kd3 Rxh2 31. Rxc2 Rxc2 32. Kxc2
h5 33. Kd2 h4 34. Ke2 f6 35. Kf2 g5 36. fxg5 fxg5 37. Kf3 e5 38. Kg4 Kg7 39.
Kxg5 h3 40. Kf5 h2 41. Kxe5 h1=Q 42. e4 Qh5+ 43. Kd4 0-1

[Event "NK Pupillendag 2015"]
[Site "Roosendaal"]
[Date "2015.06.20"]
[Round "7.14"]
[White "G02: Dijkstra Melle"]
[Black "Van Dongen Jesse"]
[Result "0-1"]
[WhiteElo "589"]
[BlackElo "500"]
[PlyCount "92"]
[EventDate "2015.06.20"]
[WhiteClock "0:14:58"]
[BlackClock "0:13:22"]

1. d4 e6 2. Nc3 d5 3. Bf4 c5 4. Nb5 Qa5+ 5. Nc3 cxd4 6. Qxd4 Bc5 7. Qxg7 Qb6 8.
e3 Qxb2 9. Rb1 Qxc2 10. Qxh8 Nc6 11. Qxg8+ Ke7 12. Bg5+ Kd6 13. Qf8+ Ke5 14.
Bf4+ Kf6 15. Qh6+ Ke7 16. Qg5+ Kf8 17. Qh6+ Ke7 18. Bg5+ Kd7 19. Qf8 Bxf8 20.
Nf3 Qxc3+ 21. Nd2 Bb4 22. Rd1 Qc2 23. Be2 Bxd2+ 24. Rxd2 Qb1+ 25. Rd1 Qxa2 26.
f3 Qa5+ 27. Rd2 Nb4 28. e4 Nc2+ 29. Kf2 Qb6+ 30. Be3 Nxe3 31. Rc1 Nc4+ 32. Ke1
Nxd2 33. Kxd2 dxe4 34. fxe4 Qd4+ 35. Ke1 Qxe4 36. Kf1 Qf4+ 37. Bf3 Qxc1+ 38.
Kf2 a5 39. Kg3 a4 40. h3 a3 41. Kg4 Ra5 42. Kg3 a2 43. Kg4 a1=Q 44. Kg3 Ra4 45.
Kh2 Qh1+ 46. Kg3 Qae1# 0-1

[Event "NK Pupillendag 2015"]
[Site "Roosendaal"]
[Date "2015.06.20"]
[Round "7.7"]
[White "F07: Bruggink Lyne"]
[Black "Warnaar Tim"]
[Result "0-1"]
[WhiteElo "561"]
[BlackElo "500"]
[PlyCount "68"]
[EventDate "2015.06.20"]
[WhiteClock "0:16:18"]
[BlackClock "0:17:53"]

1. e4 e5 2. Nf3 Nf6 3. Nxe5 Qe7 4. Nf3 Nxe4 5. Be2 Nc6 6. d3 Nc5 7. Bg5 f6 8.
Bf4 g5 9. Bxc7 Bg7 10. O-O f5 11. Qd2 Bxb2 12. Nc3 Bxa1 13. Rxa1 b6 14. Nxg5 d6
15. Nd5 Qe5 16. Bh5+ Kd7 17. c4 Qxa1+ 18. Bd1 Rg8 19. Nf7 Ke6 20. Qe2+ Kxf7 21.
Qh5+ Rg6 22. Qxf5+ Bxf5 23. g3 Qxd1+ 24. Kg2 Qxd3 25. Nf4 Qe4+ 26. Kf1 Rf6 27.
Nh5 Qb1+ 28. Kg2 Be4+ 29. Kh3 Qf1+ 30. Kh4 Qxf2 31. Nxf6 Qxf6+ 32. Kh3 Qf5+ 33.
Kh4 Ne5 34. Bxd6 Ng6# 0-1

[Event "NK Pupillendag 2015"]
[Site "Roosendaal"]
[Date "2015.06.20"]
[Round "7.8"]
[White "F08: Mensing Luana"]
[Black "De Putter Sven"]
[Result "0-1"]
[WhiteElo "407"]
[BlackElo "616"]
[PlyCount "84"]
[EventDate "2015.06.20"]
[WhiteClock "0:17:10"]
[BlackClock "0:15:22"]

1. e4 e5 2. Nf3 Nc6 3. Nc3 Bc5 4. Bc4 Nf6 5. Ng5 O-O 6. O-O h6 7. Nf3 d6 8. d3
Bg4 9. h3 Bxf3 10. Qxf3 Nd4 11. Qg3 Bb4 12. Bxh6 Nh5 13. Qg4 Qf6 14. Qxh5 Qxh6
15. Qd1 Bxc3 16. bxc3 Ne6 17. Bd5 c6 18. Bxe6 fxe6 19. Qg4 Rae8 20. Rab1 b5 21.
c4 bxc4 22. dxc4 d5 23. exd5 cxd5 24. cxd5 exd5 25. Rb7 Rb8 26. Rxa7 Rb2 27.
Qf3 e4 28. Qc3 Rbb8 29. Qc5 Rfd8 30. c4 d4 31. Rd1 d3 32. Qe5 d2 33. Qxe4 Re8
34. Qc2 Re1+ 35. Kh2 Rxd1 36. Qxd1 Rd8 37. a4 Qf4+ 38. g3 Qxf2+ 39. Kh1 Qe1+
40. Qxe1 dxe1=Q+ 41. Kg2 Qe2+ 42. Kg1 Rd1# 0-1

[Event "NK Pupillendag 2015"]
[Site "Roosendaal"]
[Date "2015.06.20"]
[Round "7.13"]
[White "G01: Han Yichen"]
[Black "Artunov Gagik"]
[Result "1-0"]
[WhiteElo "1063"]
[BlackElo "400"]
[PlyCount "77"]
[EventDate "2015.06.20"]
[WhiteClock "0:15:27"]
[BlackClock "0:13:44"]

1. e4 e5 2. Nf3 Nc6 3. Bc4 Nf6 4. d4 exd4 5. Ng5 Qe7 6. Nxf7 Rg8 7. O-O d5 8.
Bxd5 Be6 9. Bxe6 Qxe6 10. Ng5 Qe7 11. e5 Qxe5 12. Re1 Ne4 13. Rxe4 Qxe4 14.
Nxe4 O-O-O 15. Bf4 Kb8 16. Nbd2 Bd6 17. Nxd6 cxd6 18. Ne4 Rge8 19. Nxd6 Re7 20.
Nf7+ Kc8 21. Nxd8 Kxd8 22. Bg5 d3 23. Qxd3+ Ke8 24. Bxe7 Nxe7 25. Re1 Kf7 26.
Rxe7+ Kxe7 27. Qxh7 Kf7 28. h4 Kf6 29. h5 b6 30. b4 a6 31. a4 Kf7 32. h6 Kf6
33. Qxg7+ Kf5 34. h7 b5 35. h8=R Ke4 36. Re8+ Kf4 37. Qf7+ Kg5 38. Rg8+ Kh6 39.
Qg6# 1-0

[Event "NK Pupillendag 2015"]
[Site "Roosendaal"]
[Date "2015.06.20"]
[Round "5.1"]
[White "F01: Honkoop Stella"]
[Black "Rutten Alexander"]
[Result "0-1"]
[WhiteElo "895"]
[BlackElo "1333"]
[PlyCount "56"]
[EventDate "2015.06.20"]
[WhiteClock "0:10:18"]
[BlackClock "0:17:01"]

1. e4 c5 2. Bc4 e6 3. Nc3 a6 4. Nf3 b5 5. Be2 Bb7 6. d4 cxd4 7. Nxd4 d6 8. O-O
Nf6 9. f3 Be7 10. Be3 O-O 11. a4 b4 12. Na2 d5 13. exd5 Nxd5 14. Qd2 a5 15. Nc1
Bf6 16. Ncb3 Nc6 17. Bb5 Nxd4 18. Nxd4 Nxe3 19. Qxe3 Bxd4 20. Qf2 Bxf2+ 21.
Rxf2 Qb6 22. Rd1 Rfd8 23. Re1 Rd2 24. Ref1 Rxf2 25. Rxf2 Rd8 26. h3 Rd2 27. Kh2
Qxf2 28. b3 Qxg2# 0-1

[Event "NK Pupillendag 2015"]
[Site "Roosendaal"]
[Date "2015.06.20"]
[Round "4.23"]
[White "H03: Kazarjan Gachatur"]
[Black "Maris Lauri"]
[Result "1-0"]
[WhiteElo "428"]
[BlackElo "376"]
[PlyCount "63"]
[EventDate "2015.06.20"]
[WhiteClock "0:18:02"]
[BlackClock "0:16:13"]

1. e4 e5 2. Nf3 Nc6 3. Bb5 d6 4. d4 exd4 5. Nxd4 Bd7 6. Nxc6 Bxc6 7. Bxc6+ bxc6
8. Qf3 Nf6 9. Bg5 Be7 10. e5 dxe5 11. Qxc6+ Nd7 12. Bxe7 Qxe7 13. Qxa8+ Qd8 14.
Qxd8+ Kxd8 15. Nc3 f6 16. Rd1 Ke8 17. Nb5 Ke7 18. Nxc7 a5 19. O-O Rc8 20. Nd5+
Ke6 21. Nc3 g5 22. Rd2 h5 23. Rfd1 Nc5 24. Rd6+ Kf5 25. Nd5 Ne4 26. Ne7+ Kf4
27. Nxc8 Nxd6 28. Nxd6 e4 29. Rd5 f5 30. g3+ Kg4 31. Kg2 f4 32. h3# 1-0

[Event "NK Pupillendag 2015"]
[Site "Roosendaal"]
[Date "2015.06.20"]
[Round "6.5"]
[White "F05: Tran Kimmily"]
[Black "Geelhoed Merel"]
[Result "1-0"]
[WhiteElo "650"]
[BlackElo "405"]
[PlyCount "47"]
[EventDate "2015.06.20"]
[WhiteClock "0:13:32"]
[BlackClock "0:14:50"]

1. e4 e5 2. Nf3 Nc6 3. Bc4 Bc5 4. c3 Nf6 5. d4 exd4 6. cxd4 Bb4+ 7. Nc3 O-O 8.
O-O d6 9. Qd3 a6 10. a4 Bg4 11. h3 Bd7 12. Bg5 h6 13. Bh4 b6 14. Nd5 Be6 15.
Nxf6+ gxf6 16. d5 Ne5 17. Nxe5 dxe5 18. dxe6 fxe6 19. Bxe6+ Kh8 20. Qg3 Qe7 21.
Bf5 Rg8 22. Qe3 Bc5 23. Qxh6+ Qh7 24. Qxh7# 1-0

[Event "NK Pupillendag 2015"]
[Site "Roosendaal"]
[Date "2015.06.20"]
[Round "7.11"]
[White "F11: Zubair Muhammad Saad"]
[Black "Arnold Lorin"]
[Result "1-0"]
[WhiteElo "805"]
[BlackElo "494"]
[PlyCount "116"]
[EventDate "2015.06.20"]
[WhiteClock "0:15:30"]
[BlackClock "0:14:03"]

1. d4 d5 2. c4 c6 3. Nc3 Nf6 4. Bg5 e6 5. f3 Be7 6. Bxf6 Bxf6 7. e4 dxe4 8.
Nxe4 Qxd4 9. Qxd4 Bxd4 10. Rb1 O-O 11. Ne2 Bb6 12. N2c3 Rd8 13. Be2 f5 14. Ng5
e5 15. c5 Bxc5 16. Bc4+ Kf8 17. Nxh7+ Ke8 18. Na4 Be3 19. Ke2 Bh6 20. Rhd1 f4
21. Bf7+ Kxf7 22. Rxd8 Bf5 23. Rf8+ Kg6 24. Rd1 e4 25. fxe4 Bg4+ 26. Kd2 Bxd1
27. Kxd1 Kxh7 28. Nc5 g5 29. Re8 Kg7 30. Nd7 Nxd7 31. Rxa8 Nc5 32. Rxa7 Nxe4
33. Rxb7+ Kf6 34. a4 Nc5 35. Ra7 Ke5 36. a5 g4 37. a6 Kd6 38. Rh7 Nxa6 39.
Rxh6+ Kc5 40. h3 gxh3 41. Rxh3 Nb4 42. Rf3 Nd5 43. Kd2 Kb4 44. Rh3 c5 45. g3
fxg3 46. Rxg3 c4 47. Rg5 Nf4 48. Ke3 c3 49. bxc3+ Kxc3 50. Kxf4 Kd2 51. Re5 Kd3
52. Re7 Kd2 53. Kf3 Kd1 54. Kf2 Kd2 55. Rd7+ Kc3 56. Ke3 Kc4 57. Rd1 Kc5 58.
Ke4 Kc6 1-0

[Event "NK Pupillendag 2015"]
[Site "Roosendaal"]
[Date "2015.06.20"]
[Round "7.9"]
[White "F09: Molanus Eva"]
[Black "Geelhoed Merel"]
[Result "0-1"]
[WhiteElo "373"]
[BlackElo "405"]
[PlyCount "126"]
[EventDate "2015.06.20"]
[WhiteClock "0:20:10"]
[BlackClock "0:15:42"]

1. e4 e5 2. Nf3 Nc6 3. Nc3 Nf6 4. Bc4 Bc5 5. O-O O-O 6. d3 d6 7. Bg5 h6 8. Bxf6
Qxf6 9. Nd5 Qg6 10. Qd2 Bh3 11. Ne1 Be6 12. Nf3 a6 13. g3 b5 14. Bb3 a5 15. a4
bxa4 16. Bxa4 Bxd5 17. exd5 Nd4 18. Nxd4 Bxd4 19. c3 Bb6 20. Bc6 Ra6 21. Bb5
Ra7 22. d4 exd4 23. cxd4 Qf5 24. Bd3 Qxd5 25. Bc2 Bxd4 26. Qd3 g6 27. Bb3 Qe5
28. Bxf7+ Rxf7 29. Qxg6+ Rg7 30. Qxh6 Qg5 31. Qh3 Bxb2 32. Rab1 Bf6 33. Rfe1
Kf7 34. Qe6+ Kg6 35. Qe8+ Rf7 36. Qg8+ Rg7 37. Qc4 Qc5 38. Qd3+ Qf5 39. Qxf5+
Kxf5 40. Rb5+ Kg6 41. Re6 Re7 42. Rxe7 Bxe7 43. Kf1 a4 44. Ke1 a3 45. Rb1 Bf6
46. Kd2 a2 47. Rb4 a1=Q 48. Rg4+ Bg5+ 49. f4 Qb2+ 50. Kd3 Ra3+ 51. Ke4 Qb4+ 52.
Kd5 Ra5+ 53. Ke6 Qe4+ 54. Kd7 Qf5+ 55. Kc6 Qxg4 56. Kxc7 Ra7+ 57. Kxd6 Qd7+ 58.
Ke5 Qf5+ 59. Kd4 Bf6+ 60. Ke3 Re7+ 61. Kf3 Qe4+ 62. Kg4 Qe2+ 63. Kh3 Rh7# 0-1

[Event "NK Pupillendag 2015"]
[Site "Roosendaal"]
[Date "2015.06.20"]
[Round "7.10"]
[White "F10: Tiggelaar Joas"]
[Black "Kudlicka Nathan"]
[Result "1-0"]
[WhiteElo "834"]
[BlackElo "514"]
[PlyCount "143"]
[EventDate "2015.06.20"]
[WhiteClock "0:20:51"]
[BlackClock "0:20:17"]

1. e4 e5 2. Nf3 Nc6 3. Bc4 Bc5 4. O-O Nf6 5. d3 O-O 6. Bg5 d6 7. h3 h6 8. Bh4
Nd4 9. Nxd4 Bxd4 10. c3 Bc5 11. d4 exd4 12. cxd4 Bb6 13. e5 dxe5 14. dxe5 Qxd1
15. Rxd1 Ne4 16. Nc3 Nxc3 17. bxc3 Be6 18. Bxe6 fxe6 19. Be7 Rf7 20. Bb4 Bxf2+
21. Kh1 Bb6 22. c4 c5 23. Bc3 Rd8 24. Rxd8+ Bxd8 25. Rd1 Rf8 26. Kh2 a6 27. Kg3
b5 28. cxb5 axb5 29. Kg4 b4 30. Bb2 c4 31. Rd4 c3 32. Bc1 Ba5 33. a3 bxa3 34.
Bxa3 Rc8 35. Rd1 c2 36. Rf1 Bd2 37. Rf2 c1=Q 38. Bxc1 Bxc1 39. Kh5 Rc4 40. g4
g6+ 41. Kxg6 Be3 42. Rf7 Rc1 43. Re7 Kf8 44. Rxe6 Rh1 45. Rf6+ Ke7 46. Kf5 Rxh3
47. Re6+ Kf7 48. Rf6+ Kg7 49. Ke4 Bg5 50. Rf5 Re3+ 51. Kd5 Rd3+ 52. Ke4 Ra3 53.
Kd5 Ra5+ 54. Ke4 Ra4+ 55. Kd5 Rxg4 56. e6 Be7 57. Rf7+ Kg8 58. Rxe7 Rg5+ 59.
Kd6 h5 60. Rb7 Kf8 61. e7+ Ke8 62. Rb8+ Kf7 63. e8=Q+ Kf6 64. Qd8+ Kf5 65. Rb5+
Kf4 66. Qxg5+ Kf3 67. Qxh5+ Ke3 68. Qh4 Kd3 69. Rg5 Kc3 70. Rg3+ Kd2 71. Qh2+
Ke1 72. Rg1# 1-0

[Event "NK Pupillendag 2015"]
[Site "Roosendaal"]
[Date "2015.06.20"]
[Round "7.21"]
[White "H01: Kazarjan Gachatur"]
[Black "Huang Wendy"]
[Result "0-1"]
[WhiteElo "428"]
[BlackElo "598"]
[PlyCount "58"]
[EventDate "2015.06.20"]
[WhiteClock "0:16:05"]
[BlackClock "0:11:22"]

1. e4 e5 2. Nf3 Nc6 3. Bb5 h6 4. Bxc6 bxc6 5. Nxe5 Qe7 6. d4 f6 7. Nf3 Qxe4+ 8.
Be3 d5 9. Nc3 Qe7 10. O-O Bg4 11. Bf4 Qd8 12. Re1+ Be7 13. Qe2 f5 14. Qe5 Rc8
15. Qxg7 Bxf3 16. gxf3 Kd7 17. Qxh8 Bg5 18. Bxg5 Qxg5+ 19. Kh1 Nf6 20. Qxc8+
Kxc8 21. Rg1 Qf4 22. Rg6 Qxf3+ 23. Kg1 Ng4 24. Rf1 Qh3 25. Rxg4 Qxg4+ 26. Kh1
Qf3+ 27. Kg1 h5 28. Na4 h4 29. Nc5 h3 0-1

[Event "NK Pupillendag 2015"]
[Site "Roosendaal"]
[Date "2015.06.20"]
[Round "6.12"]
[White "F12: Muntean Felix"]
[Black "De Putter Sven"]
[Result "0-1"]
[WhiteElo "542"]
[BlackElo "616"]
[PlyCount "80"]
[EventDate "2015.06.20"]
[WhiteClock "0:12:13"]
[BlackClock "0:12:38"]

1. e4 e5 2. Nf3 Nc6 3. Nc3 Bc5 4. Bc4 Nf6 5. d3 h6 6. O-O d6 7. Be3 Bb6 8. Nd2
Bg4 9. Qe1 O-O 10. f3 Bh5 11. a4 Nd4 12. Bxd4 Bxd4+ 13. Kh1 Bxc3 14. bxc3 c6
15. d4 exd4 16. cxd4 d5 17. e5 dxc4 18. exf6 Qxf6 19. Nxc4 Qxd4 20. Na3 Rfe8
21. Qg3 Qe5 22. f4 Qe3 23. Qh4 Be2 24. Rfe1 Qc5 25. Nb1 Rad8 26. h3 Rd1 27.
Rxd1 Bxd1 28. Na3 Bxc2 29. Nxc2 Qxc2 30. Qg3 c5 31. Qf3 Re2 32. Qf1 c4 33. Rc1
Qd3 34. Re1 Rxe1 35. Qxe1 c3 36. Qe8+ Kh7 37. Qxf7 c2 38. f5 c1=Q+ 39. Kh2 Qd6+
40. g3 Qdd2# 0-1

[Event "NK Pupillendag 2015"]
[Site "Roosendaal"]
[Date "2015.06.20"]
[Round "7.3"]
[White "F03: Lipschart Olivier"]
[Black "Tran Kimmily"]
[Result "1-0"]
[WhiteElo "709"]
[BlackElo "650"]
[PlyCount "47"]
[EventDate "2015.06.20"]
[WhiteClock "0:13:39"]
[BlackClock "0:05:44"]

1. c4 e5 2. Nf3 Nc6 3. Nc3 Nf6 4. g3 d5 5. cxd5 Nxd5 6. Nxd5 Qxd5 7. Bg2 Bc5 8.
O-O Bg4 9. Ng5 Qd6 10. d3 f6 11. Ne4 Qe7 12. Nxc5 Qxc5 13. Be3 Qd6 14. Qb3
O-O-O 15. Bxc6 Qxc6 16. f3 Be6 17. Qb4 Qc2 18. Rfe1 Bh3 19. Rac1 Qxc1 20. Rxc1
Rd6 21. Qxd6 c6 22. Bxa7 Rd8 23. Rxc6+ bxc6 24. Qxc6# 1-0

[Event "NK Pupillendag 2015"]
[Site "Roosendaal"]
[Date "2015.06.20"]
[Round "6.11"]
[White "F11: Molanus Florian"]
[Black "Katsarov Maks"]
[Result "0-1"]
[WhiteElo "601"]
[BlackElo "532"]
[PlyCount "92"]
[EventDate "2015.06.20"]
[WhiteClock "0:15:10"]
[BlackClock "0:12:13"]

1. e4 e5 2. Nf3 Nc6 3. Nc3 Nf6 4. g3 Bb4 5. a3 Bxc3 6. dxc3 Nxe4 7. Bd3 Nf6 8.
Bg5 O-O 9. O-O d5 10. Re1 e4 11. Nd4 exd3 12. Nxc6 bxc6 13. cxd3 Ba6 14. Qf3
Qd6 15. Bf4 Qd7 16. Re2 Rfe8 17. Rxe8+ Rxe8 18. b4 Qg4 19. Qg2 Bxd3 20. Bxc7
Qe6 21. Rd1 Qe1+ 22. Rxe1 Rxe1+ 23. Qf1 Rxf1+ 24. Kg2 Rc1 25. Be5 Rc2 26. Kf3
Be4+ 27. Ke3 Ng4+ 28. Kf4 Nxe5 29. Kxe5 Rxf2 30. Kd6 Rc2 31. Ke7 Rxc3 32. Ke8
Re3 33. Kd7 d4 34. Kd6 d3 35. Ke5 d2 36. Kf4 Re1 37. h4 d1=Q 38. a4 Qd2+ 39.
Kg4 Qe2+ 40. Kf4 Qf3+ 41. Ke5 Bd5+ 42. Kd6 Qf6+ 43. Kc7 Re7+ 44. Kc8 Qe6+ 45.
Kb8 Qd7 46. Ka8 Qc8# 0-1

[Event "NK Pupillendag 2015"]
[Site "Roosendaal"]
[Date "2015.06.20"]
[Round "6.15"]
[White "G03: Van Dongen Jesse"]
[Black "Visser Rogier"]
[Result "1-0"]
[WhiteElo "500"]
[BlackElo "425"]
[PlyCount "69"]
[EventDate "2015.06.20"]
[WhiteClock "0:14:22"]
[BlackClock "0:12:13"]

1. d4 d5 2. Nc3 Nc6 3. Bg5 Nf6 4. Nf3 e6 5. Bxf6 Qxf6 6. e4 Qd8 7. Bb5 Bd7 8.
O-O Bd6 9. Re1 Qe7 10. exd5 a6 11. dxc6 bxc6 12. Bc4 O-O 13. h3 Bc8 14. Ne5 Bb4
15. Nxc6 Qd6 16. Nxb4 Qxb4 17. Bd3 Qxb2 18. Qh5 g6 19. Qc5 Bb7 20. Na4 Qb6 21.
Nxb6 cxb6 22. Qxb6 Rab8 23. Qd6 Rbd8 24. Qc7 Rb8 25. Rab1 Bxg2 26. Rxb8 Rxb8
27. Qxb8+ Kg7 28. Kxg2 f6 29. Qb7+ Kh6 30. Qxa6 Kg7 31. Rxe6 h5 32. Qb7+ Kh6
33. Rxf6 Kg5 34. Rxg6+ Kf4 35. Qf7# 1-0

[Event "NK Pupillendag 2015"]
[Site "Roosendaal"]
[Date "2015.06.20"]
[Round "6.13"]
[White "G01: Han Yichen"]
[Black "Rutjens Lars"]
[Result "1-0"]
[WhiteElo "1063"]
[BlackElo "538"]
[PlyCount "47"]
[EventDate "2015.06.20"]
[WhiteClock "0:16:37"]
[BlackClock "0:14:38"]

1. e4 e5 2. Nf3 Nc6 3. Bc4 Bc5 4. b4 Bxb4 5. c3 Bc5 6. d4 exd4 7. O-O dxc3 8.
Bxf7+ Kxf7 9. Qd5+ Kf8 10. Qxc5+ Ke8 11. Qxc3 d6 12. Qxg7 Qf6 13. Bb2 Be6 14.
Bxf6 Nxf6 15. Qxh8+ Ng8 16. Qxh7 Kd8 17. Ng5 Bc4 18. Rc1 Na5 19. Rxc4 Nxc4 20.
Qxg8+ Kd7 21. Qxa8 b6 22. Qd5 Na5 23. Qe6+ Kd8 24. Nf7# 1-0

[Event "NK Pupillendag 2015"]
[Site "Roosendaal"]
[Date "2015.06.20"]
[Round "7.19"]
[White "G07: Visser Rogier"]
[Black "Ekker Maxim"]
[Result "0-1"]
[WhiteElo "425"]
[BlackElo "246"]
[PlyCount "76"]
[EventDate "2015.06.20"]
[WhiteClock "0:16:54"]
[BlackClock "0:16:07"]

1. e4 e5 2. Nf3 Nc6 3. Bb5 Nf6 4. Nc3 Bc5 5. O-O O-O 6. Bxc6 bxc6 7. Re1 Ba6 8.
Nxe5 Nh5 9. Qxh5 g6 10. Qh6 Bc8 11. d3 g5 12. Bxg5 f6 13. Bxf6 Rxf6 14. Qg5+
Kf8 15. Ng4 Be7 16. Nxf6 Bxf6 17. Qh6+ Kg8 18. Qh5 d5 19. e5 d4 20. exf6 Qxf6
21. Qh4 Qxh4 22. Re8+ Kf7 23. Rd8 dxc3 24. bxc3 Rb8 25. Rd4 Bg4 26. h3 Rg8 27.
hxg4 Qh6 28. Rf1 c5 29. Rc4 Qh4 30. g3 Qh3 31. Rf4+ Ke7 32. Re4+ Kd6 33. d4 Rg6
34. dxc5+ Kxc5 35. Re5+ Kd6 36. Re3 Rh6 37. Rd3+ Kc6 38. Rfd1 Qh1# 1-0

[Event "NK Pupillendag 2015"]
[Site "Roosendaal"]
[Date "2015.06.20"]
[Round "7.22"]
[White "H02: Kutchoukov Thomas"]
[Black "Deshmukh Om"]
[Result "1-0"]
[WhiteElo "623"]
[BlackElo "543"]
[PlyCount "123"]
[EventDate "2015.06.20"]
[WhiteClock "0:19:06"]
[BlackClock "0:15:15"]

1. e4 e5 2. Nf3 Nc6 3. Bc4 h6 4. d3 Nf6 5. Nc3 Bc5 6. O-O Qe7 7. Be3 Bxe3 8.
fxe3 O-O 9. d4 exd4 10. Nxd4 Nxd4 11. Qxd4 c5 12. Qd3 b6 13. Bd5 Nxd5 14. Nxd5
Qe5 15. Rf5 Qe6 16. Nc7 Qc6 17. Nxa8 d6 18. Rd5 Qxa8 19. Rxd6 Be6 20. Rd1 Kh7
21. Rd8 Rxd8 22. Qxd8 Qxe4 23. Qd3 Qxd3 24. Rxd3 c4 25. Ra3 a5 26. c3 g5 27. b4
axb4 28. cxb4 b5 29. Rc3 Bf5 30. a4 bxa4 31. Rxc4 a3 32. Rc1 Be6 33. b5 Kg8 34.
b6 Bd5 35. Rd1 a2 36. Ra1 Kf8 37. e4 Bxe4 38. Rxa2 Ke8 39. Rb2 Kd8 40. b7 Bxb7
41. Rxb7 Ke8 42. Kf2 f5 43. g4 fxg4 44. Kg3 h5 45. h4 gxh4+ 46. Kxh4 Kd8 47.
Kxh5 g3 48. Rg7 Ke8 49. Rxg3 Ke7 50. Rg6 Kd7 51. Kg5 Ke7 52. Kf5 Kd7 53. Ke5
Kc7 54. Kd5 Kb7 55. Kc5 Kc8 56. Rg7 Kd8 57. Kd6 Ke8 58. Ra7 Kf8 59. Ke6 Kg8 60.
Kf6 Kh8 61. Kg6 Kg8 62. Ra8# 1-0

[Event "NK Pupillendag 2015"]
[Site "Roosendaal"]
[Date "2015.06.20"]
[Round "7.23"]
[White "H03: De Jong Quint"]
[Black "Van Delft Adinda"]
[Result "0-1"]
[WhiteElo "386"]
[BlackElo "222"]
[PlyCount "114"]
[EventDate "2015.06.20"]
[WhiteClock "0:21:04"]
[BlackClock "0:16:07"]

1. e4 e5 2. Nf3 Nc6 3. Bc4 Nf6 4. Nc3 Bc5 5. Ng5 O-O 6. Nxf7 Qe7 7. Nxe5+ Kh8
8. d3 Nxe4 9. Nxc6 bxc6 10. dxe4 Qf6 11. O-O Bd6 12. h3 Qe5 13. g3 Bc5 14. Qe2
Bxf2+ 15. Rxf2 Rxf2 16. Qxf2 Bb7 17. Qf7 d5 18. exd5 cxd5 19. Bf4 Qd4+ 20. Kf1
Qxc4+ 21. Ne2 Ba6 22. Qe7 Bb5 23. Be5 Qxe2+ 24. Kg1 Qe3+ 25. Kg2 Qe2+ 26. Kg1
Rg8 27. Bxg7+ Rxg7 28. Qxe2 Bxe2 29. Re1 Bc4 30. b3 Bb5 31. Re7 Rxe7 32. Kf2
Re2+ 33. Kf3 Re8 34. c4 dxc4 35. bxc4 Bxc4 36. a4 Be2+ 37. Kf4 a5 38. h4 Rf8+
39. Ke3 Ba6 40. h5 c5 41. h6 Re8+ 42. Kf4 c4 43. g4 Rf8+ 44. Kg5 Rg8+ 45. Kh5
c3 46. g5 c2 47. g6 hxg6+ 48. Kh4 g5+ 49. Kh5 c1=Q 50. Kg4 Qc4+ 51. Kf5 Bc8+
52. Ke5 Qe6+ 53. Kd4 Rd8+ 54. Kc3 Qc6+ 55. Kb3 Rd3+ 56. Kb2 Qc2+ 57. Ka1 Rd1#
0-1

[Event "NK Pupillendag 2015"]
[Site "Roosendaal"]
[Date "2015.06.20"]
[Round "7.17"]
[White "G05: Kien Lancelot"]
[Black "Maters Vera"]
[Result "1-0"]
[WhiteElo "451"]
[BlackElo "228"]
[PlyCount "37"]
[EventDate "2015.06.20"]
[WhiteClock "0:17:16"]
[BlackClock "0:16:20"]

1. e4 e5 2. Nf3 Nc6 3. Bb5 Nf6 4. Nc3 a6 5. Bc4 b5 6. Bb3 Nd4 7. O-O Nxf3+ 8.
Qxf3 Bb7 9. d3 Bb4 10. a3 Bxc3 11. bxc3 O-O 12. Bg5 h6 13. Be3 g6 14. Bxh6 Re8
15. Bg5 Ra7 16. Bxf6 Qa8 17. Qg4 d6 18. Qxg6+ Kf8 19. Qxf7# 1-0

[Event "NK Pupillendag 2015"]
[Site "Roosendaal"]
[Date "2015.06.20"]
[Round "7.15"]
[White "G03: Rutjens Lars"]
[Black "Jonkman Amelia"]
[Result "0-1"]
[WhiteElo "538"]
[BlackElo "662"]
[PlyCount "104"]
[EventDate "2015.06.20"]
[WhiteClock "0:04:22"]
[BlackClock "0:00:30"]

1. e4 c5 2. Nf3 Nc6 3. Nc3 d6 4. Bc4 e6 5. d3 Nf6 6. Bg5 Be7 7. O-O O-O 8. Re1
h6 9. Bh4 Bd7 10. a3 Rc8 11. b4 cxb4 12. axb4 a6 13. b5 axb5 14. Bxb5 Qb6 15.
h3 Rfe8 16. Qd2 d5 17. exd5 exd5 18. Bxc6 Qxc6 19. Na2 Qxc2 20. Qxc2 Rxc2 21.
Ne5 Bb5 22. d4 Rd2 23. Nf3 Rc2 24. Bxf6 Bxf6 25. Rab1 Rxa2 26. Rxb5 Rxe1+ 27.
Nxe1 Ra1 28. Kf1 Bxd4 29. Ke2 Ra2+ 30. Kd3 Bxf2 31. Nf3 Ra3+ 32. Ke2 Ra2+ 33.
Kf1 b6 34. Rxd5 Kf8 35. Rd8+ Ke7 36. Rb8 Ke6 37. Rb7 Rb2 38. h4 b5 39. g4 b4
40. h5 b3 41. Rb4 Bc5 42. Rb5 Be3 43. Rb4 Kd5 44. Ke1 g6 45. hxg6 fxg6 46. Kd1
h5 47. gxh5 gxh5 48. Nh2 Rd2+ 49. Ke1 Rxh2 50. Rxb3 Ke4 51. Rb4+ Kf3 52. Rb3
Rh1# 0-1